| 000 | 00998cab a2200289 4500 | ||
|---|---|---|---|
| 001 | WB2945-23 | ||
| 008 | 090401t1993 xxu||||| |||| 00| 0 eng d | ||
| 035 | _a(Sirsi) u35572 | ||
| 041 | _aeng | ||
| 245 | _aOn the road to cleaner air | ||
| 260 | _c1993 | ||
| 350 | _a0 | ||
| 490 |
_aFinancial Times _v1 December 1993, 11(2) |
||
| 520 | _aUS companies offer commuting staff incentives to leave cars at home as part of the national campaign to comply with the strict regulations of the Clean Air Act Amendments 1990 by reducing the number of cars on the roads. | ||
| 650 | _aAIR POLLUTION | ||
| 650 | _aAVERAGE VEHICLE RIDERSHIP | ||
| 650 | _aCLEAN AIR ACT AMENDMENTS 1990 (US) | ||
| 650 | _aCARBON DIOXIDE EMISSIONS | ||
| 650 | _aENVIRONMENTAL POLLUTION | ||
| 650 | _aTRAFFIC EMISSIONS | ||
| 650 | _aTRANSPORT POLICY | ||
| 650 | _aUNITED STATES | ||
| 690 | _aENVIRONMENTAL AND LAND CONSULTANCY | ||
| 690 | _aTRANSPORT AND COMMUNICATIONS | ||
| 942 | _n0 | ||
| 948 | _c04/03/1997 | ||
| 999 |
_c23277 _d23277 |
||